000 00499nam a2200145 i 4500
001 150924
003 ES-MaACL
007 t|
008 071120s1840 sp ||||1| spa d
245 0 0 _aTablas de anatomía
_b: arregladas para el uso de los discipulos del Real Colegio de Medicina y Cirugia de Barcelona /
_cpor J. C. y C.
260 _aMadrid :
_b[s.n.],
_c1840 (
_fImp. del Colegio de Sordo-Mudos)
300 _a45 p. ;
_c19 cm.
700 1 _aJ. C. y C.
_965763
852 _aES-MaACL
_jT-418-F-20
999 _c150924
_d150924